|
|
|
|
| LEADER |
01911nam a2200301 a 4500 |
| 001 |
13666 |
| 003 |
BD-DhAAL |
| 005 |
20250526160630.0 |
| 008 |
140401s1993 bg d f000 0 ben d |
| 020 |
|
|
|a 9840728016
|
| 020 |
|
|
|a 984073985
|
| 040 |
|
|
|a BD-DhAAL
|c BD-DhAAL
|
| 041 |
0 |
|
|a ben
|
| 082 |
0 |
0 |
|a 491.44321
|2 22
|
| 245 |
1 |
0 |
|a বাংলা একাডেমী সমকালীন বাংলা ভাষার অভিধান /
|c আবু ইসহাক, সঙ্কলিত ও সম্পাদিত.
|
| 260 |
|
|
|a ঢাকা :
|b বাংলা একাডেমী,
|c ১৯৯৩, ১৯৯৮ [প্রথম পুনর্মুদ্রণ ১৯৯৯, দ্বিতীয় পুনর্মুদ্রণ ২০০৩].
|
| 300 |
|
|
|a ৪২ পৃষ্ঠা :
|a ৭৪০ পৃষ্ঠা, [৫২] :
|a ২৪৩ পৃষ্ঠা, [৪২] ;
|c ২২ সে.মি.
|
| 526 |
|
|
|a BIED
|
| 541 |
1 |
|
|a Complimentary copy from BIED
|e 13666, 35937, 35789
|
| 650 |
|
0 |
|a Bengali language
|x Dictionaries
|x Bengali.
|9 4233
|
| 700 |
1 |
|
|a ইসহাক, আবু.
|9 4234
|
| 710 |
2 |
|
|a বাংলা একাডেমী (ঢাকা).
|9 4235
|
| 852 |
4 |
|
|a Ayesha Abed Library
|c Reference
|
| 942 |
|
|
|2 ddc
|c BK
|
| 999 |
|
|
|c 14277
|d 14277
|
| 952 |
|
|
|0 0
|1 0
|2 ddc
|4 0
|6 491_443210000000000_BAN
|7 0
|9 24106
|a BRACUL
|b BRACUL
|c REF
|d 2014-04-01
|l 0
|o 491.44321 BAN
|p 3010013666
|r 2014-04-01
|t 1
|w 2014-04-01
|y BK
|x Price not available in Register
|
| 952 |
|
|
|0 0
|1 0
|2 ddc
|4 0
|6 491_443210000000000_BAN
|7 0
|9 67425
|a BRACUL
|b BRACUL
|c REF
|d 2019-12-11
|e Complimentary copy from BIED
|l 0
|o 491.44321 BAN
|p 3010035937
|r 2019-12-11
|t 2
|w 2019-12-11
|y BK
|x Transferred from BIED to General Stacks
|
| 952 |
|
|
|0 0
|1 0
|2 ddc
|4 0
|6 491_443210000000000_BAN
|7 0
|9 69421
|a BRACUL
|b BRACUL
|c GEN
|d 2021-10-26
|e Complimentary copy from BIED
|l 0
|o 491.44321 BAN
|p 3010035789
|r 2021-10-26
|t 3
|w 2021-10-26
|y BK
|x Transferred from BIED to General Stacks
|